00469nam a2200157 a 450000500170000000800410001702000180005805000230007610000130009924500610011225000190017326000470019230000300023952100070026965000350027620140310183531.0111111s19uu xx 00 eng d a9789814314763 aT 58.6b.Oz99 2011 aOz, Effy aPrinciples of management information systems /cEffy Oz. aPhilippine ed. aSingapore :bVengage Learning Asia,c2011. a578 p. :bill. ;c23 cm.  aIT aManagement information systems